MARC

LEADER 00000nam0a2200000 4500
001 323318
005 20231102003547.0
035 |a (RuTPU)RU\TPU\book\348891 
090 |a 323318 
100 |a 20161015d1949 km y0rusy50 ca 
101 0 |a rus 
102 |a RU 
105 |a a z 000zy 
200 1 |a Микроскоп и телескоп  |f В. С. Сухоруких 
210 |a Москва  |a Ленинград  |c Государственное издательство технико-теоретической литературы  |d 1949 
215 |a 56 с.  |c ил. 
225 1 |a Научно-популярная библиотека 
606 1 |a Микроскопы инструментальные  |2 stltpush  |3 (RuTPU)RU\TPU\subj\43736  |9 63196 
606 1 |a Телескопы  |x Точность  |2 stltpush  |3 (RuTPU)RU\TPU\subj\59288  |9 76852 
610 1 |a свет 
610 1 |a лучи 
610 1 |a лупы 
610 1 |a оптические стекла 
610 1 |a зеркальные телескопы 
610 1 |a увеличение 
610 1 |a конструкции 
675 |a 681.72  |v 4 
675 |a 520.2  |v 4 
700 1 |a Сухоруких  |b В. С.  |g Владимир Сергеевич 
801 1 |a RU  |b 63413507  |c 20161015 
801 2 |a RU  |b 63413507  |c 20200221  |g RCR 
942 |c BK